000 00759nam a22002297a 4500
005 20251108170521.0
008 250721s1999 xx 000 0 ara d
082 1 4 _a410/ثعا
100 1 _aالثعالبي، أبو منصور عبد الملك بن محمد ... النيسابوري
245 1 0 _aفقه اللغة و أسرار العربية /
264 1 _aبيروت :
_bدار الفكر العربي،
_c1999.
300 _a384ص
490 0 _aالمكتبة اللغوية
650 1 7 _aاللغة العربية
650 1 7 _aالنحو
650 1 7 _aعلم الصرف
650 1 7 _aعلم البلاغة
650 1 7 _aالأفعال ( نحو )
700 1 _aسقال، ديزيره
_eتحقيق
942 _2ddc
_cBK
999 _c42423
_d42423